000 00299nam a2200145Ia 4500
100 _aReese/George
942 _cBK
366 _f20
245 _aCloud application architecture
260 _bOreilly
_c2010
082 _a4.65
_bREE
300 _a189
546 _aENGLISH
_cComputers
999 _c26933
_d26933